00872nam a22002775b 4500001000600000003000900006005001700015007000600032008004300038017000900081020001500090040002800105082002600133100003200159245007900191250000600270260005100276300002600327490005100353600000600404650003400410650004000444650004900484650003400533700002700567 446 DO-SdBPM20250610131415.0 446 950710s1996 sp a | |||| ||spa  a b  a8424131835 aDO-SdBPMbspacBPMSUe  a863.6bA347u 19962221 aAlcántara, Ricardod1946-10aUn viaje en tren /cRicardo Alcántara ; ilustraciones Chiara Cerrer h  a  aLeón, España : bEditorial Everest, c1996 a47 p. :bil. ;c20 cm0 aMontaña encantada; aPrimeros lectores, v  2  4aCuentos infantiles uruguayos  4a Ferrocarrilesv Cuentos infantiles 4a Transporte ferroviario vCuentos infantiles aLiteratura infantil uruguaya 1 aCarrer, Chiara d1952-